Fuera de mi / (Record no. 142738)

MARC details
000 -LEADER
campo de control de longitud fija 00634nam a2200217 i 4500
001 - NÚMERO DE CONTROL
campo de control 142738
003 - IDENTIFICADOR DE NÚMERO DE CONTROL
campo de control ES-MaACL
005 - FECHA Y HORA DE LA ÚLTIMA TRANSACCIÓN
campo de control 20240510063127.0
007 - CAMPO FIJO DE DESCRIPCIÓN FÍSICA--INFORMACIÓN GENERAL
campo de control de longitud fija t|
008 - DATOS DE LONGITUD FIJA--INFORMACIÓN GENERAL
campo de control de longitud fija 071009s1964 sp ||||1| spa d
080 ## - NÚMERO DE LA CLASIFICACIÓN DECIMAL UNIVERSAL
Número de la Clasificación Decimal Universal 86-14"19"
100 1# - ENTRADA PRINCIPAL--NOMBRE DE PERSONA
Nombre de persona Vidal, Josefina.
9 (RLIN) 114441
245 10 - MENCIÓN DEL TÍTULO
Título Fuera de mi /
Mención de responsabilidad, etc. Josefina Vidal.
260 ## - PUBLICACIÓN, DISTRIBUCIÓN, ETC.
Lugar de publicación, distribución, etc. Santander :
Nombre del editor, distribuidor, etc. La Isla de los Ratones,
Fecha de publicación, distribución, etc. 1964.
300 ## - DESCRIPCIÓN FÍSICA
Extensión 56 p. ;
Dimensiones 17 cm.
490 1# - MENCIÓN DE SERIE
Mención de serie Colección "Poetas de Hoy" ;
Designación de volumen o secuencia 38
830 0# - PUNTO DE ACCESO ADICIONAL DE SERIE-TÍTULO UNIFORME
Título uniforme Colección "Poetas de Hoy" ;
Designación de volumen o secuencia 38
9 (RLIN) 189058
852 ## - LOCALIZACIÓN
Ubicación ES-MaACL
Número de control de estantería C-26115
Sublocalización o colección R.54868
Ubicación en estantería Depósito 2
itemnumber 147899
942 ## - ELEMENTOS DE ENTRADA SECUNDARIOS (KOHA)
Fuente del sistema de clasificación o colocación Clasificación decimal universal
Holdings
Estatus retirado Estado de pérdida Estado de daño No para préstamo Biblioteca de origen Biblioteca actual Ubicación en estantería Fecha de adquisición Fuente de adquisición Total de préstamos Signatura topográfica completa Código de barras Visto por última vez Precio de reemplazo Tipo de ítem Koha
        Biblioteca del Ateneo de Madrid Biblioteca del Ateneo de Madrid Depósito 2 17/01/2008     C-26115 1148517 23/02/2023 23/02/2023 Libro impreso